Word Ladder: Ancient Trade Route Quiz Stats

 Plays Quiz Updated Sep 14, 2012

     
Support Sporcle.
Go Orange.
Score 0/16 Timer 01:30
0 Plays Today
Hint 4-Letter Word % Correct
Horseback sportPOLO
96.3%
Tarzan's love interestJANE
95%
Flag standPOLE
94.8%
Worm's fibrous fabricSILK
93.5%
Alone, like Han?SOLO
92.9%
Green gemstone prized in ChinaJADE
92%
Grain storage siteSILO
89.8%
BoulevardLANE
89.7%
Hint 4-Letter Word % Correct
ConstructedMADE
89%
SingleLONE
88.1%
Dude, hombre, or guyMALE
85.9%
Paved travel routeROAD
85.8%
SpyMOLE
83.2%
Folk follower?LORE
79.6%
BurdenLOAD
77.8%
Lady's counterpartLORD
74.1%

Today's Daily Dose

Word Ladder
Drink to Me

Get the Picture
Big 4 'R' All-Stars

From the Vault

Most Clickable Languages

by Flick

What is everyone talking about?
Remove Ads.
Support Sporcle.
Get the best of Sporcle when you Go Orange. This ad-free experience offers more features, more stats, and more fun while also helping to support Sporcle. Thank you for becoming a member.

Show Comments

Extras

Top Quizzes Today


Score Distribution

Your Account Isn't Verified!

In order to create a playlist on Sporcle, you need to verify the email address you used during registration. Go to your Sporcle Settings to finish the process.

Report this User

Report this user for behavior that violates our Community Guidelines.

Details: